|
|
|
|
| LEADER |
00000cam a2200000 7i4500 |
| 001 |
0000242425 |
| 005 |
20200821102342.0 |
| 020 |
|
|
|a 9789811417887
|
| 090 |
0 |
0 |
|a 959.57
|b WON
|
| 100 |
1 |
|
|a Wong, Main Wong
|
| 245 |
1 |
0 |
|a 50 best kept secrets of the Istana :
|b people and places
|c Sher Main Wong ; illustrated by Sokkuan Tye
|
| 260 |
|
|
|a Singapore :
|b Epigram ,
|c 2019
|
| 300 |
|
|
|a 80p. :
|b ill. ;
|c 21cm.
|
| 650 |
|
0 |
|a Istana (Singapore)
|
| 650 |
|
0 |
|a Istana (Singapore)
|x Official and employees
|
| 650 |
|
0 |
|a Official residences
|z Singapore
|
| 650 |
|
0 |
|a Presidents
|x Dwellings
|z Singapore
|
| 651 |
|
0 |
|a Singapore
|x Buildings, structure, etc.
|
| 700 |
1 |
|
|a Tye, Sokkuan
|
| 999 |
|
|
|a 00379769
|b BUKU
|c PINJAMAN
|e PERPUSTAKAAN KOMUNITI PETALING JAYA
|
| 999 |
|
|
|a 00384271
|b BUKU
|c PINJAMAN
|e PERPUSTAKAAN KOMUNITI CAW BANDAR UTAMA
|